| 000 | 00896nam a2200253Ia 4500 | ||
|---|---|---|---|
| 003 | OSt | ||
| 005 | 20220923211001.0 | ||
| 006 | a|||||r|||| 00| 0 | ||
| 007 | ta | ||
| 008 | 220922b |||||||| |||| 00| 0 hin d | ||
| 020 |
_a8170163021 (hbk) _c150 |
||
| 024 | _a234,354 | ||
| 037 |
_b428, 04/03/2008, University Book House _cTextual |
||
| 040 |
_aARTS _cARTS _bhin |
||
| 041 |
_2hin _ahin |
||
| 082 | _aO142,3M70x, 152N6 | ||
| 100 |
_aवर्मा, निर्मल, अनु. _9156828 |
||
| 245 | 0 | _aकुप्रीन की कहानियॉं | |
| 246 | _aKuprīn kī kahāniyaॉan | ||
| 260 |
_aनयी दिल्ली _b किताबघर _c1996 |
||
| 300 |
_a315पृ. _ccm. |
||
| 942 |
_hO142,3M70x, 152N6 _cTEXL _2CC |
||
| 999 |
_c293500 _d293500 |
||